000 00605nam a2200121Ia 4500
008 220615s9999||||xx |||||||||||||| ||und||
100 _aGuhlich, Anna
245 0 _aMigration and Social Pathways
_bBiographies of Highly Educated People Moving East-West-East in Europe
546 _aEnglish[eng]
650 _aSociology||migration||social mobility||biographical research
856 _uhttps://library.oapen.org/bitstream/20.500.12657/25798/1/1004291.pdf||https://library.oapen.org/bitstream/20.500.12657/25798/1/1004291.pdf||https://library.oapen.org/bitstream/20.500.12657/25798/1/1004291.pdf
942 _cEB
999 _c15565
_d15565